000
00290nam a22001337a 4500
008
170614b xxu||||| |||| 00| 0 eng d
020
_a
9781889119465
041
_a
eng
080
_a
324
100
_a
19
101
_a
SHP
245
_a
THE ELECTIONS 2000
_c
POMPER.G.M
942
_2
udc
_c
BK
999
_c
17277
_d
17277